000 00839nam a2200313 a 4500
003 AR-BaBNM
005 20251128202738.0
008 082120s2002 ||||||||||||||000 | spa||
020 _a84-7100-580-8
040 _cAR-BaBNM
100 1 _aVogel, Hans
245 0 0 _aHolanda y América
250 _a1ª ed.
260 _aMadrid
_bMapfre
_c1992
300 _a315 p.
490 0 _aEuropa y América
_vv. 7
504 _aBibliografía para consultar p. 277-304.
650 4 _aGUERRA
650 4 _aEMIGRACION
650 4 _aCIENCIAS POLITICAS
650 4 _aHISTORIA DE LAS RELACIONES INTERNACIONALES
651 4 _aPaíses Bajos
651 4 _aEstados Unidos
700 1 _aDoel, H.W. van den
700 1 _aMertens, Godelieve M.J.
_etraductor
800 1 _aGallego, José Andrés
_ecoordinador
942 _cBK
998 _cmariana
999 _c372
_d372